000 00471nam a22001937a 4500
003 MPLRDC
005 20220104143045.0
008 210129b ||||| |||| 00| 0 eng d
020 _a981-04-6967-5
082 _a859.6 ZGLS v.3
100 _a不详
245 _a隋唐演义
_c
250 _a初版
260 _a新加坡
_b大众书局
_c2002
300 _b187
490 _a中国历史智慧文库
650 _a中国儿童文学
942 _cBK
_o859.6 ZGLS v.3
999 _c36204
_d36194